Lenguaje y comunicación 8º básico

Sábháilte in:
Sonraí bibleagrafaíochta
Príomhchruthaitheoirí: Ortúzar Meza, Carmen (autora), Rodríguez Aguirrezábal, Ignacio (Údar), Saavedra Segura, Ana Cecilia (Údar)
Formáid: LEABHAR
Teanga:Spáinnis
Foilsithe / Cruthaithe: Santiago Arrayán Editores 2002
Ábhair:
Clibeanna: Cuir clib leis
Níl clibeanna ann, Bí ar an gcéad duine le clib a chur leis an taifead seo!

MARC

LEADER 00000nam a2200000 a 4500
001 UCH8397
003 CL-VaPUC
008 091127e20020000CL |||||||||||||||||spa|d
020 |a 9562403629 
082 0 4 |a 372.6  |b ORT  |2 21 
100 |a Ortúzar Meza, Carmen  |e autora  |9 544982 
700 0 |a Rodríguez Aguirrezábal, Ignacio  |e author  |9 544983 
700 0 |a Saavedra Segura, Ana Cecilia  |e author  |9 544984 
245 1 0 |a Lenguaje y comunicación 8º básico 
246 1 0 |a Trabajar con las palabras 
300 |a 113 p 
942 |c BK 
945 |d 20091127 00:00:00  |a lazolas 
260 |a Santiago  |b Arrayán Editores  |c 2002 
500 |a Libro complementario e inseparable del texto Lenguaje y Comunicación 8 
650 0 |a Educación lingüística  |9 306506 
650 0 |a Educación básica   |9 224933 
650 0 |a Métodos de enseñanza  |9 270413 
650 0 |a Libros de texto  |9 270019 
583 |a last modification  |c 20170816 01:23:21  |k Rodrigo Vera 
999 |c 338611  |d 338609